000
003290000a22001450004500
003
MACL
040
_a
MACL
090
_c
46329
_d
46327
100
_a
Gupta, Deepali
245
_a
Spoken English Made Easy
260
_b
Indra Publishing House
_c
2011
350
_a
150
650
_a
language English Spoken
942
_c
BOOK
_k
400/GUP
999
_c
45844
_d
45844